Music Quiz

Random Music Quiz

Guess the group of these members Quiz Stats

 Plays Quiz not verified by Sporcle

Support Sporcle.
Go Orange.
Score 0/18 Timer 13:00
0 Plays Today
% Correct
Momoland
100%
Fromis9
100%
Clc
100%
Stray kids
100%
Myname
100%
Triple H
100%
2ne1
100%
Dia
66.7%
Gugudan
66.7%
% Correct
Wjsn
66.7%
9muses
33.3%
Seven o clock
33.3%
Golden child
33.3%
Jbj
33.3%
Big
33.3%
Good day
33.3%
Unnies
33.3%
Sf9
33.3%

You're not logged in!

Compare scores with friends on all Sporcle quizzes.
OR
Log In

From the Vault

Up, Down, Left, or Right?

by El_Dandy

Any which way you want.
Remove Ads.
Support Sporcle.
Get the best of Sporcle when you Go Orange. This ad-free experience offers more features, more stats, and more fun while also helping to support Sporcle. Thank you for becoming a member.

Show Comments

Extras

Created Feb 6, 2018ReportNominate
Tags:group

Top Quizzes Today


Score Distribution

Your Account Isn't Verified!

In order to create a playlist on Sporcle, you need to verify the email address you used during registration. Go to your Sporcle Settings to finish the process.

Report this User

Report this user for behavior that violates our Community Guidelines.

Details: